02115nam a2200397 i 4500001001000000003000900010005001700019007000300036008004100039040003000080041000800110082001700118110007400135245006900209264005800278300003000336336002700366337003300393338002800426490002900454490006900483500006700552500005700619500002600676500005400702590002700756830011500783910001400898942001400912952014000926952018101066952014901247952015201396952015201548999001701700000040442DO-SdBNP20250812084531.0ta130826s1998 dr 000 0 spa d aDO-SdBNPbspacBNPHUerda aspa 4axxxbE242221 aRepública DominicanabUniversidad Autónoma de Santo Domingo9724913aLa educación superior en el siglo XXI :bvisión y acción / 4aSanto Domingo :bEditora Universitaria-UASD,c©1998. a[366] páginas ;c27 cm. atextobtxt2rdacontent asin mediaciónbn2rdamedia avolumenbnc2rdacarrier1 aConferencia magistralv21 aPublicaciones de la Universidad Autónoma de Santo Domingov892 aIncluye referencias bibliográficas a final de los párrafos aDocumentos reproducidos por la rectoría de la UASD aDocumentos de trabajo aConferencia mundial sobre la educación superior aInventariado, 2024/ YL 0aPublicaciones de la Universidad Autónoma de Santo Domingo n892pColección Conferencia Magistraln2988480 aYLockward 2ddccLBS1 00102ddc51708PDaBNPHUbBNPHUcCTd2013-08-26eDonado por Intecl0oBNPHU PD p40442-10r2020-06-25w2020-06-25yLBS1ZNo se presta 00102ddc51708PDaBNPHUbBNPHUcCTd2014-12-01eDonaciónl0oBNPHU PD p2024-1451r2024-03-14w2020-06-25yLBS1zPerteneció a la biblioteca personal de Bárbara Suncar. 00102ddc56708DSaBNPHUbBNPHUcCTd2017-12-07eDonado por Ilonka Nacidit Perdomol0oBNPHU DS p2024-1452r2024-03-14te.3w2020-06-25yLBS1 00102ddc56708DSaBNPHUbBNPHUcCTd2025-08-11eDonado por Ilonka Nacidit Perdomol0oBNPHU DS E24p2025-8252r2025-08-11te.4w2025-08-11yLBS1 00102ddc56708DSaBNPHUbBNPHUcCTd2025-08-11eDonado por Ilonka Nacidit Perdomol0oBNPHU DS E24p2025-8253r2025-08-11te.5w2025-08-11yLBS1 c39932d39932